Sudden Death - Die Top 10 der Ewigen Tabelle der Bundesliga - Statistiken

Allgemein
  • Dieses Quiz wurde 349 mal gespielt
  • Das Durchschnittsergebnis liegt bei 8 aus 10
Answers on the Grid
Answers color-coded by a green-red scale on the quiz's grid according to % correct below.
FC Bayern München
Borussia Dortmund
SV Werder Bremen
VfB Stuttgart
Borussia M'gladbach
Hamburger SV
Eintracht Frankfurt
FC Schalke 04
Bayer 04 Leverkusen
1. FC Köln
1. FC Kaiserslautern
Hertha BSC
VfL Bochum
1. FC Nürnberg
Hannover 96
Fortuna Düsseldorf
MSV Duisburg
VfL Wolfsburg
1. FSV Mainz 05
FC Energie Cottbus
 
Antwortstatistiken
Antwort % Korrekt
FC Bayern München
89%
Borussia Dortmund
88%
Borussia M'gladbach
78%
Hamburger SV
78%
SV Werder Bremen
78%
VfB Stuttgart
75%
FC Schalke 04
74%
Eintracht Frankfurt
70%
1. FC Köln
66%
Bayer 04 Leverkusen
59%
Keine übereinstimmenden Quizze gefunden
Verteilung der Resultate
Anzahl Personen mit jedem Resultat
Perzentil nach korrekt beantworteten Fragen
Ihre Resultats-Entwicklung
Sie haben dieses Quiz noch nicht gespielt